Catalog

Record Details

Catalog Search



The king of torts  Cover Image Book Book

The king of torts / John Grisham.

Grisham, John. : (author).

Summary:

The office of the public defender is not known as a training ground for bright young litigators. Clay Carter has been there too long and, like most of his colleagues, dreams of a better job in a real firm. When he reluctantly takes the case of a young man charged with a random street killing, he assumes it is just another of the many senseless murders that hit D.C. every week. As he digs into the background of his client, Clay stumbles on a conspiracy too horrible to believe. He suddenly finds himself in the middle of a complex case against one of the largest pharmaceutical companies in the world, looking at the kind of enormous settlement that would totally change his life--that would make him, almost overnight, the legal profession's newest king of torts...

Record details

  • ISBN: 0385508042
  • ISBN: 9780385508049
  • ISBN: 0385339658
  • ISBN: 9780385339650
  • ISBN: 0440241537
  • ISBN: 9780440241539
  • Physical Description: 376 pages ; 25 cm.
  • Edition: First edition.
  • Publisher: New York : Doubleday, ©2003.
Subject: Pharmaceutical industry > Fiction.
Liability (Law) > Fiction.
Public defenders > Fiction.
Torts > Fiction.
Washington (D.C.) > Fiction.
Genre: Thrillers (Fiction)
Legal fiction.

Available copies

  • 1 of 1 copy available at scottsboropl.

Holds

  • 0 current holds with 1 total copy.
Show Only Available Copies
Location Call Number / Copy Notes Barcode Shelving Location Status Due Date
scottsboropl F Gri 32269000829674 Adult - Fiction Available -

LDR 02160cam a2200385 a 4500
001117394
003SBPL
00520221010191422.0
008030429s2003 nyu 000 1 eng
010 . ‡a 2003269436
020 . ‡a0385508042
020 . ‡a9780385508049
020 . ‡a0385339658
020 . ‡a9780385339650
020 . ‡a0440241537
020 . ‡a9780440241539
035 . ‡a(CONS)117394
035 . ‡a(OCoLC)51033987 ‡z(OCoLC)436852422 ‡z(OCoLC)664360271 ‡z(OCoLC)731260758 ‡z(OCoLC)751405549 ‡z(OCoLC)798217223 ‡z(OCoLC)1022685274 ‡z(OCoLC)1051104499
05000. ‡aPS3557.R5355 ‡bK55 2003b
08200. ‡a813/.54 ‡221
1001 . ‡aGrisham, John. : ‡eauthor
24514. ‡aThe king of torts / ‡cJohn Grisham.
250 . ‡aFirst edition.
260 . ‡aNew York : ‡bDoubleday, ‡c©2003.
300 . ‡a376 pages ; ‡c25 cm.
336 . ‡atext ‡btxt ‡2rdacontent
337 . ‡aunmediated ‡bn ‡2rdamedia
338 . ‡avolume ‡bnc ‡2rdacarrier
520 . ‡aThe office of the public defender is not known as a training ground for bright young litigators. Clay Carter has been there too long and, like most of his colleagues, dreams of a better job in a real firm. When he reluctantly takes the case of a young man charged with a random street killing, he assumes it is just another of the many senseless murders that hit D.C. every week. As he digs into the background of his client, Clay stumbles on a conspiracy too horrible to believe. He suddenly finds himself in the middle of a complex case against one of the largest pharmaceutical companies in the world, looking at the kind of enormous settlement that would totally change his life--that would make him, almost overnight, the legal profession's newest king of torts...
650 0. ‡aPharmaceutical industry ‡vFiction.
650 7. ‡aLiability (Law) ‡vFiction.
650 0. ‡aPublic defenders ‡vFiction.
650 0. ‡aTorts ‡vFiction.
651 0. ‡aWashington (D.C.) ‡vFiction.
655 7. ‡aThrillers (Fiction) ‡2lcgft
655 7. ‡aLegal fiction. ‡2lcgft
901 . ‡a117394 ‡bUnknown ‡c117394 ‡tbiblio

Additional Resources